Countries Most Similar To Argentina - Statistics

General Stats
  • This quiz has been taken 133 times
  • The average score is 15 of 20
Answer Stats
Rank Country Score % Correct
4 Brazil 72.4
95%
2 Chile 80.3
93%
1 Uruguay 81.2
93%
3 Mexico 74.4
91%
6 Colombia 71.9
90%
5 Peru 72.2
87%
8 Paraguay 70.9
85%
9 Spain 70.6
85%
7 Venezuela 71.1
84%
12 Bolivia 67
83%
15 Panama 66.1
79%
10 Ecuador 70.4
77%
17 Italy 64.5
74%
13 Portugal 66.8
70%
20 France 64.3
69%
11 Costa Rica 67
68%
19 Nicaragua 64
60%
16 El Salvador 64.7
56%
14 Dominican Republic 66.2
49%
18 Romania 64.5
15%
No matching quizzes found
Score Distribution
Percent of People with Each Score
Percentile by Number Answered
Your Score History
You have not taken this quiz